000
00318nam a2200109Ia 4500
008
180219s9999 xx 000 0 und d
020
_a
8050618354
100
_a
Pollack, William
245
_a
Real boys :
_b
rescuing our sons from the myths of boyhood /
260
_a
New Jersey :
_b
Henry Holt & Co.
300
_a
447 pages
999
_c
355947
_d
355947